Subdesarrollo y estancamiento en América Latina
Saved in:
| Hovedforfatter: | |
|---|---|
| Format: | Bog |
| Sprog: | spansk |
| Udgivet: |
Buenos Aires
Eudeba
1972
|
| Udgivelse: | 4a. ed |
| Serier: | Biblioteca Cultural. Colección Cuadernos, 190
|
| Fag: | |
| Tags: |
Tilføj Tag
Ingen Tags, Vær først til at tagge denne postø!
|
MARC
| LEADER | 00000nam a2200000 a 4500 | ||
|---|---|---|---|
| 001 | UCU0315 | ||
| 003 | CL-VaPUC | ||
| 008 | 960322e19720000AG |||||||||||||||||spa|d | ||
| 082 | 0 | 4 | |a 339.46 |b FUR |2 21 |
| 100 | 0 | |a Furtado, Celso |e author |9 355366 | |
| 245 | 1 | 0 | |a Subdesarrollo y estancamiento en América Latina |
| 250 | |a 4a. ed | ||
| 300 | |a 135 p | ||
| 942 | |c BK | ||
| 945 | |d 19960322 00:00:00 |a rleighto | ||
| 260 | |a Buenos Aires |b Eudeba |c 1972 | ||
| 650 | 7 | |a DESARROLLO Y CRECIMIENTO ECONOMICO |2 CL-VaPUC |9 355367 | |
| 650 | 7 | |a SUBDESARROLLO |2 CL-VaPUC |9 337696 | |
| 650 | 7 | |a POLITICAS DE DESARROLLO |2 CL-VaPUC |9 345187 | |
| 651 | 0 | |a Brasil |9 267393 | |
| 651 | 0 | |a América Latina |9 255027 | |
| 583 | |a last modification |c 19960322 00:00:00 |k Rodrigo Vera | ||
| 490 | 0 | |a Biblioteca Cultural. Colección Cuadernos, 190 | |
| 999 | |c 245182 |d 245180 | ||
| 952 | |0 0 |1 0 |4 0 |6 339_460000000000000_FUR_1972 |7 0 |8 A |9 259619 |a BIBENE |b BIBENE |d 2019-11-19 |i 3174255 |o 339.46 FUR 1972 |p 3174255 |r 2025-01-15 |w 2019-11-19 |y BK |k ICO | ||
| 952 | |0 0 |1 0 |4 0 |6 339_460000000000000_FUR_1972 |7 0 |8 A |9 259620 |a BIBENE |b BIBENE |d 2019-11-19 |i 1992627 |o 339.46 FUR 1972 |p 1992627 |r 2025-01-15 |w 2019-11-19 |y BK |k ICO | ||
| 952 | |0 0 |1 0 |4 0 |6 339_460000000000000_FUR_1972 |7 0 |8 A |9 259621 |a BIBENE |b BIBENE |d 2019-11-19 |i 1992678 |o 339.46 FUR 1972 |p 1992678 |r 2025-01-15 |w 2019-11-19 |y BK |k ICO | ||